| 000 | 01040cad a22002175a 4500 | ||
|---|---|---|---|
| 001 | L152833 | ||
| 008 | 110505s2010 xxk 000 0 eng d | ||
| 035 | _a(Sirsi) u152833 | ||
| 041 | 0 | _aeng | |
| 100 | 1 | _aKlammer, Marcin | |
| 245 | 0 | 0 |
_aInternational focus on Poland _bWinter 2010/2011 _h[electronic resource] |
| 260 |
_a[S.l.] _bECHarris _c2010 |
||
| 520 | _aAs Poland recovers from the recession, client care and quality of labour become priorities; the real estate sector, indicative costs per m² (Euros per m²), international investment, banks and their assets, construction workload, labour and materials, construction tender prices; a glance at Poland's economy and the construction industry 2009, 2010 and 2011. | ||
| 590 | _aKA | ||
| 651 | 4 | _aPoland | |
| 690 | _aBUILT ENVIRONMENT-CONSTRUCTION MARKET | ||
| 700 | 1 | _aMoore, Paul | |
| 710 | 1 |
_aEC Harris _94930 |
|
| 856 | 4 | 0 |
_uhttps://www.echarris.com/pdf/7845_International%20Focus%20on%20Poland%20FINAL.pdf _zView the item free of charge at www.echarris.com |
| 942 | _n0 | ||
| 999 |
_c112227 _d112227 |
||